[Event "Budapest FS04 IM"]
[Site "Budapest"]
[Date "1996.??.??"]
[Round "11"]
[White "Schoene, Ralf"]
[Black "Nazarenus, Olaf"]
[Result "1/2-1/2"]
[WhiteElo "2405"]
[BlackElo "2165"]

1.d4 Nf6 2.c4 g6 3.Nc3 Bg7 4.e4 d6 5.Be2 O-O 6.Nf3 e5 7.dxe5 dxe5 8.Qxd8 Rxd8
9.Bg5 c6 10.Nxe5 Re8 11.O-O-O Na6 12.f4 Nc5 13.Bf3 a5 14.Rhe1 Be6 15.Kc2 Rad8
16.Rxd8 Rxd8 17.Rd1 Rxd1 18.Kxd1 Nfxe4 19.Nxe4 Nxe4 20.Bxe4 f6 21.Bxf6 Bxf6
22.b3 g5 23.g3  1/2-1/2

[Event "Budapest FS07 IM"]
[Site "Budapest"]
[Date "1996.??.??"]
[Round "11"]
[White "Kerek, Csaba"]
[Black "Borbjerggaard, Lars"]
[Result "0-1"]
[WhiteElo "2190"]
[BlackElo "2220"]

1.d4 Nf6 2.c4 g6 3.Nc3 Bg7 4.e4 d6 5.Nf3 O-O 6.Be2 e5 7.O-O exd4 8.Nxd4 Re8
9.Be3 Nc6 10.f3 Nh5 11.Nxc6 bxc6 12.Qd2 f5 13.exf5 gxf5 14.Bg5 Bf6 15.f4 Ng7
16.Bf3 Bd7 17.c5 d5 18.Rad1 Rb8 19.b3 Kh8 20.h4 Qe7 21.Qf2 h6 22.Bxd5 Bxg5
23.hxg5 cxd5 24.Nxd5 Qf7 25.Nf6 Bc6 26.Qh4 h5 27.g6 Qxg6  0-1

[Event "Budapest FS10 IM"]
[Site "Budapest"]
[Date "1996.??.??"]
[Round "11"]
[White "Romm, Meir"]
[Black "Kahn, Evarth"]
[Result "1-0"]
[WhiteElo "2295"]
[BlackElo "2380"]

1.d4 Nf6 2.c4 g6 3.Nc3 Bg7 4.e4 O-O 5.Be2 d6 6.Nf3 e5 7.d5 a5 8.O-O Na6 9.Be3 Ng4
10.Bg5 f6 11.Bh4 g5 12.Bg3 f5 13.exf5 Bxf5 14.Nd2 Nf6 15.f3 Qe8 16.Nde4 Qg6
17.Bd3 h5 18.Nxf6+ Rxf6 19.Bxf5 Rxf5 20.Bf2 g4 21.fxg4 hxg4 22.a3 Raf8 23.Qe2 e4
24.Be3 Be5 25.Rxf5 Qxf5 26.Bf2 g3 27.hxg3 Nc5 28.Rd1 Nd3 29.Nxe4 Nxf2 30.Nxf2 Bxg3
31.Ng4 Kg7 32.Rf1 Qxf1+ 33.Qxf1 Rxf1+ 34.Kxf1 a4 35.Ke2 Kg6 36.Kd3 Kf5 37.Ne3+ Kf4
38.Nd1 Bh4 39.Nc3 Kg3 40.Nxa4 Kxg2 41.Nc3 Kf2 42.b4 Ke1 43.a4 Bf2 44.a5 Ba7
45.b5  1-0

[Event "JUG-chT"]
[Site "Budva"]
[Date "1996.??.??"]
[Round "1"]
[White "Maksimovic, Branimir"]
[Black "Ilincic, Zlatko"]
[Result "1/2-1/2"]
[WhiteElo "2375"]
[BlackElo "2555"]

1.d4 Nf6 2.c4 g6 3.Nc3 Bg7 4.e4 d6 5.Nf3 O-O 6.Be2 e5 7.Bg5 h6 8.Bh4 Nbd7
9.d5 a5 10.Nd2 Nc5 11.f3 Bd7 12.g4 c6 13.Nb3 Nxb3 14.Qxb3 a4 15.Qa3 c5 16.b4 cxb4
17.Qxb4 Nxd5 18.Bxd8 Nxb4 19.Rb1 Nc2+ 20.Kd2 Na3 21.Be7 Nxb1+ 22.Rxb1 Rfe8
23.Nd5 Ra7 24.Bxd6 Bc6 25.Ne7+ Kh7 26.c5 Bf8 27.Nxc6 bxc6 28.Bxf8 Rxf8 29.Rb6 Rc8
30.Kc3 h5 31.Ba6 Rca8 32.Bb7 Rb8 33.Bxc6 Rxb6 34.cxb6 Ra6 35.Bxa4 Rxb6 36.gxh5 gxh5
37.Bd7 Kg6 38.h4 Kf6 39.a4 Ke7 40.Bf5 Kd6 41.Kc4 Rb1 42.a5 Rf1 43.a6 Rxf3
44.Bc8 Ra3 45.Bb7 f6 46.Kb5 Ra1 47.Kc4 Kc7 48.Kd5 Rh1 49.Ke6 Rxh4 50.Kxf6 Rf4+
51.Kxe5 Rf8 52.Ke6 h4 53.e5 h3 54.Bd5 Kb6 55.Kd7 Rf5 56.Kd6 h2 57.Bb7 Rf1
58.e6 Rd1+ 59.Ke5 Kc7 60.e7 h1=Q 61.Bxh1 Rxh1 62.e8=N+ Kb6 63.Nd6  1/2-1/2

[Event "JUG-chT"]
[Site "Budva"]
[Date "1996.??.??"]
[Round "2"]
[White "Mozetic, Dejan"]
[Black "Ilincic, Zlatko"]
[Result "1-0"]
[WhiteElo "2495"]
[BlackElo "2555"]

1.d4 Nf6 2.c4 g6 3.Nc3 Bg7 4.e4 d6 5.Nf3 O-O 6.Be2 e5 7.Be3 Na6 8.O-O Ng4
9.Bg5 Qe8 10.dxe5 dxe5 11.h3 h6 12.Bd2 Nf6 13.Be3 Nh5 14.c5 Nf4 15.Bb5 Qe6
16.Re1 Kh8 17.Rc1 g5 18.Bf1 c6 19.Qd6 b5 20.Bxf4 gxf4 21.a4 b4 22.Nb1 Qe8
23.Nbd2 Bb7 24.Bxa6 Bxa6 25.Nc4 Bxc4 26.Rxc4 a5 27.Rc2 Ra7 28.Rd1 Rg8 29.Rcd2 Kh7
30.Qd8 Qe6 31.Qd6 Qe8 32.Qd8 Qe6 33.Qb6 Raa8 34.Rd6 Qb3 35.Qxc6 Qxb2 36.Qd7 Rgf8
37.Nh4 Qc2 38.Qg4 Qxe4 39.Nf5 Rg8 40.Qh5 f6 41.Rxf6  1-0

[Event "JUG-chT"]
[Site "Budva"]
[Date "1996.??.??"]
[Round "5"]
[White "Sahovic, Dragutin"]
[Black "Paunovic, Dragan"]
[Result "1/2-1/2"]
[WhiteElo "2405"]
[BlackElo "2480"]

1.d4 Nf6 2.c4 g6 3.Nc3 Bg7 4.e4 d6 5.Nf3 O-O 6.Be2 e5 7.Be3 c6 8.Qc2 Qe7
9.O-O exd4 10.Bxd4 Re8 11.Bd3 Nbd7 12.Rfe1 Ne5 13.Be2 Nfg4 14.Qd2 Bh6 15.Qc2 Bg7
16.Qd2 Nxf3+ 17.Bxf3 Bxd4 18.Qxd4 Qe5 19.Qxe5 dxe5 20.Rad1 Nf6 21.Rd6 Nd7
22.Na4 Nb6 23.Nxb6 axb6 24.a3 Be6 25.Be2 Red8 26.Rdd1 Kf8 27.f3 Ke7 28.Kf2 c5
29.Rxd8 Rxd8 30.Ke3 Rd4  1/2-1/2

[Event "JUG-chT"]
[Site "Budva"]
[Date "1996.??.??"]
[Round "6"]
[White "Ostojic, Nikola"]
[Black "Damljanovic, Branko"]
[Result "1/2-1/2"]
[WhiteElo "2455"]
[BlackElo "2510"]

1.d4 Nf6 2.Nf3 g6 3.c4 Bg7 4.Nc3 O-O 5.e4 d6 6.Be2 c6 7.O-O e5 8.Re1 Na6
9.Bf1 Bg4 10.d5 c5 11.Be2 Bd7 12.Nd2 Ne8 13.a3 f5 14.exf5 gxf5 15.f4 e4 16.Nf1 Qh4
17.g3 Qh6 18.Qc2 Nf6 19.Ne3 Nc7 20.b4 b6 21.Bb2 Nfe8 22.Qd2 Bd4 23.Bf1 Nf6
24.Nd1 Bxb2 25.Qxb2 Rae8 26.Ra2 Rf7 27.Qc3 Rg7 28.Rg2 Qg6 29.Be2 Rc8 30.b5 a6
31.a4 Ra8 32.Qb2 Nce8 33.Kh1 h5 34.Rgg1 axb5 35.axb5 Qh6 36.h4 Ng4 37.Bxg4 hxg4
38.Nf2 Bc8 39.Ra1 Rga7 40.Rxa7 Rxa7 41.Ra1 Qh7 42.Ra3 Qe7 43.Nfd1 Qb7 44.Qa1 Rxa3
45.Qxa3 Nf6 46.Qa1 Nh5 47.Kh2 Kh7 48.Ng2  1/2-1/2

[Event "Buenos Aires tt"]
[Site "Buenos Aires"]
[Date "1996.??.??"]
[Round "3"]
[White "Fulgenzi, Ernesto"]
[Black "Lopez, C."]
[Result "1-0"]
[WhiteElo "2295"]
[BlackElo "2400"]

1.d4 Nf6 2.c4 g6 3.Nc3 Bg7 4.e4 d6 5.Be2 O-O 6.Nf3 e5 7.Be3 Nc6 8.d5 Ne7
9.Nd2 c5 10.g4 a6 11.h4 Rb8 12.a4 b6 13.Nf1 Qd7 14.g5 Ne8 15.Ng3 Nc7 16.h5 b5
17.axb5 axb5 18.cxb5 Na8 19.Ra5 Nb6 20.hxg6 fxg6 21.Kf1 Rb7 22.Kg2 Qc7 23.Ra3 Qd7
24.Qg1 Rf7 25.Qh2 Bh8 26.Rha1 Qc7 27.Qh4 Bd7 28.Nf1 Nec8 29.Nh2 Qd8 30.Ng4 Bxg4
31.Bxg4 h5 32.Be6 Qe7 33.Qh3 Rc7 34.Ra8 Nxa8 35.Rxa8 Kh7 36.Bxf7 Nb6 37.Bxg6+  1-0

[Event "Calcutta op"]
[Site "Calcutta"]
[Date "1996.??.??"]
[Round "5"]
[White "Ravi, Lanka"]
[Black "Dolmatov, Sergey"]
[Result "1-0"]
[WhiteElo "2390"]
[BlackElo "2610"]

1.d4 Nf6 2.Nf3 g6 3.c4 Bg7 4.Nc3 O-O 5.e4 d6 6.Be2 e5 7.d5 a5 8.Bg5 Na6 9.Nd2 h6
10.Bh4 Qe8 11.O-O Nh7 12.a3 Bd7 13.Kh1 h5 14.f3 a4 15.Nb5 Bh6 16.Qc2 f5 17.exf5 gxf5
18.Rad1 Kh8 19.Qxa4 Rg8 20.Qc2 Nf8 21.Bf6+ Kh7 22.Bd3 Qg6 23.Ne4 Qf7 24.f4 exf4
25.Rde1 Rg6 26.Bh4 Re8 27.Nexd6 cxd6 28.Rxe8 Qxe8 29.Re1 Qc8 30.Nd4 Bg5 31.Nxf5 Nc5
32.Ne7 Nxd3 33.Nxc8 Nxe1 34.Bxe1 Bxc8 35.c5 Kg8 36.c6 h4 37.Qe4 Rg7 38.Bc3 Re7
39.Qb4 h3 40.Qxd6 Re2 41.Qc7 Be7 42.d6 hxg2+ 43.Kg1 f3 44.Qxc8  1-0

[Event "Calcutta op"]
[Site "Calcutta"]
[Date "1996.??.??"]
[Round "5"]
[White "Murugan, Krishnamoorthy"]
[Black "Joshi, G B."]
[Result "1-0"]
[WhiteElo "2410"]
[BlackElo "2305"]

1.d4 Nf6 2.Nf3 g6 3.c4 Bg7 4.Nc3 O-O 5.e4 d6 6.Be2 e5 7.O-O Na6 8.Be3 Ng4
9.Bg5 Qe8 10.h3 h6 11.Bc1 Nf6 12.dxe5 dxe5 13.Be3 Nd7 14.a3 f5 15.b4 c6 16.Bc1 Nc7
17.Re1 Ne6 18.c5 f4 19.Bb2 Kh7 20.Nb1 Qe7 21.Nbd2 b6 22.cxb6 axb6 23.Nc4 Rd8
24.Qc2 Ng5 25.Nxg5+ Qxg5 26.Nd6 Rf8 27.Bf3 Nf6 28.Kh2 Qh4 29.Nxc8 Raxc8 30.Bxe5 c5
31.Qb2 Rfe8 32.Bc3 cxb4 33.Bd4 Rc4 34.e5 Nd7 35.axb4 Nxe5 36.Ra7 Re7 37.Rxe7 Qxe7  1-0

[Event "Calcutta op"]
[Site "Calcutta"]
[Date "1996.??.??"]
[Round "7"]
[White "Murugan, Krishnamoorthy"]
[Black "Szekely, Peter"]
[Result "0-1"]
[WhiteElo "2410"]
[BlackElo "2435"]

1.d4 Nf6 2.Nf3 g6 3.c4 Bg7 4.Nc3 O-O 5.e4 d6 6.Be2 e5 7.d5 a5 8.Bg5 h6 9.Bh4 Na6
10.Nd2 h5 11.O-O Bh6 12.f4 exf4 13.e5 dxe5 14.Nce4 g5 15.Nxg5 Ng4 16.Ndf3 Qd6
17.Kh1 Nc5 18.Qc2 f5 19.Nxe5 Qxe5 20.Bxg4 hxg4 21.Rae1 Qg7 22.Ne6 Bxe6 23.dxe6 Rae8
24.e7 Rf7 25.Qd2 Bg5 26.Bxg5 Qxg5 27.Rxf4 Rexe7 28.Rxe7 Qxe7 29.Qxa5 Qe3
30.Rf1 Ne4 31.g3 Nf2+  0-1

[Event "Calcutta op"]
[Site "Calcutta"]
[Date "1996.??.??"]
[Round "7"]
[White "Soman, Satchidanand"]
[Black "Chiong, Luiz"]
[Result "1-0"]
[WhiteElo "2320"]
[BlackElo "2390"]

1.d4 Nf6 2.c4 g6 3.Nc3 Bg7 4.e4 d6 5.Be2 O-O 6.Nf3 e5 7.d5 a5 8.Bg5 h6 9.Bh4 Qe8
10.Nd2 Na6 11.a3 Bd7 12.b3 Nh7 13.f3 h5 14.O-O Bh6 15.Bf2 Qe7 16.Qc2 h4 17.Rfd1 f5
18.Rab1 Bg5 19.b4 Nf6 20.c5 axb4 21.axb4 dxc5 22.Bxa6 bxa6 23.Bxc5 Qh7 24.Nc4 Rfe8
25.d6 fxe4 26.Nxe4 Nxe4 27.fxe4 Bg4 28.Rf1 h3 29.g3 Rad8 30.Ra1 Ra8 31.Qd3 Be6
32.Qc3 Qh5 33.Qd3 cxd6 34.Nxd6 Red8 35.Qd1 Qh7 36.Qe2 a5 37.Rxa5 Rxa5 38.bxa5 Qc7
39.Qf2 Be7 40.g4 Bxd6 41.Bb6 Qe7 42.Bxd8 Qxd8 43.a6 Qg5 44.Qf3 Bc5+ 45.Kh1 Qe3
46.Qxe3 Bxe3 47.Rf3 Bc5 48.Rxh3 Bxg4 49.Rc3 Bd4 50.Ra3 Bc5 51.Kg2 Bxa3 52.a7 Be7
53.a8=Q+ Kf7 54.Qb7  1-0

[Event "Calcutta op"]
[Site "Calcutta"]
[Date "1996.??.??"]
[Round "10"]
[White "Sherbakov, Ruslan"]
[Black "Nenashev, Alexander"]
[Result "1/2-1/2"]
[WhiteElo "2565"]
[BlackElo "2595"]

1.d4 Nf6 2.c4 g6 3.Nc3 Bg7 4.e4 d6 5.Be2 O-O 6.Nf3 e5 7.O-O Nbd7 8.Be3 Re8
9.d5 Ng4 10.Bd2 f5 11.Ng5 Ndf6 12.c5 fxe4 13.Ne6 Rxe6 14.dxe6 Bxe6 15.Bg5 Qd7
16.cxd6 cxd6 17.Bb5 Qd8 18.h3 Nh6 19.Nxe4 Nf5 20.Bd3 d5 21.Nxf6+ Bxf6 22.Bxf6 Qxf6
23.Bxf5 gxf5 24.Re1 Kh8 25.Qe2  1/2-1/2

[Event "California-ch+"]
[Site "?"]
[Date "1996.??.??"]
[Round "1"]
[White "Donaldson, John W"]
[Black "Cartagena, Omar"]
[Result "1-0"]
[WhiteElo "2420"]
[BlackElo "2380"]

1.Nf3 Nf6 2.c4 g6 3.Nc3 Bg7 4.e4 d6 5.d4 O-O 6.Be2 Na6 7.O-O e5 8.Be3 exd4
9.Nxd4 Nc5 10.f3 a5 11.Ndb5 Qe7 12.Qd2 b6 13.Bg5 Bb7 14.Nd5 Bxd5 15.cxd5 Rfc8
16.Rad1 Qe5 17.Bf4 Qe8 18.Rfe1 Nh5 19.Be3 f5 20.exf5 gxf5 21.Bd4 Qf7 22.Bxg7 Nxg7
23.Nc3 Qf6 24.Bb5 Rf8 25.Bc6 Rad8 26.Qd4 Qxd4+ 27.Rxd4 Rf7 28.Nb5 Kf8 29.a3 Na6
30.Rc4 Nc5 31.Rd4 Na6 32.b4 axb4 33.axb4 Nb8 34.Rc4 Nxc6 35.Rxc6 Rdd7 36.Ra1 Rfe7
37.Rac1 Ne8 38.Nd4 Re5 39.Rd1 Kf7 40.Ne6 Ke7 41.Kf2 Kf6 42.Rd4 Re7 43.f4 Re4
44.Rxe4 fxe4 45.g4 Kg6 46.h3 h5 47.g5 h4 48.Ke3 Kf5 49.Rc4 c5 50.bxc5 dxc5
51.Rxe4 Nd6 52.Re5+ Kg6 53.Nf8+ Kf7 54.Rxe7+ Kxe7 55.Ng6+ Kf7 56.Nxh4 b5
57.Nf3 b4 58.Ne5+ Kg7 59.Kd3 b3 60.Kc3 c4 61.Kb2 Kf8 62.h4 Nf5 63.Nxc4 Nxh4
64.Ne3 Ke7 65.Kxb3 Kd6 66.Kc3  1-0

[Event "Cannes op"]
[Site "Cannes"]
[Date "1996.??.??"]
[Round "1"]
[White "Sulava, Nenad"]
[Black "Weindl, Alfred"]
[Result "1/2-1/2"]
[WhiteElo "2480"]
[BlackElo "2335"]

1.d4 Nf6 2.c4 g6 3.Nc3 Bg7 4.e4 d6 5.Nf3 O-O 6.Be2 e5 7.O-O Nbd7 8.Be3 Ng4
9.Bg5 f6 10.Bd2 Nh6 11.b4 Nf7 12.c5 dxc5 13.dxc5 c6 14.Qb3 Kh8 15.Rad1 Qe7
16.Bc1 Re8 17.Bc4 Nd8 18.Rd6 Nf8 19.Rfd1 Be6 20.b5 Rc8 21.bxc6 bxc6 22.Ba3 Bxc4
23.Qxc4 Nf7 24.R6d3 Rcd8 25.Qa6 Rxd3 26.Rxd3 Qc7 27.g3 Rd8 28.Rxd8 Nxd8 29.Nd2 Qd7
30.Nb3 Nfe6 31.h4 Bf8 32.Bb4 Nd4 33.Nxd4 exd4 34.Qd3 Ne6 35.Ne2 Bxc5  1/2-1/2

[Event "Cannes op"]
[Site "Cannes"]
[Date "1996.??.??"]
[Round "1"]
[White "Jelen, Igor"]
[Black "Tkachiev, Vladislav"]
[Result "0-1"]
[WhiteElo "2400"]
[BlackElo "2600"]

1.d4 Nf6 2.c4 g6 3.Nc3 Bg7 4.e4 d6 5.Nf3 O-O 6.Be2 Na6 7.O-O e5 8.Re1 Qe8
9.d5 Nc5 10.Nd2 a5 11.b3 Nfd7 12.Bb2 Bh6 13.Qc2 f5 14.Bf3 Nf6 15.h3 b6 16.Nf1 Bf4
17.Bc1 Bxc1 18.Raxc1 f4 19.a3 a4 20.b4 Nb3 21.Rcd1 g5 22.Nb5 Rf7 23.Qe2 Rg7
24.Rd3 h5 25.g4 hxg4 26.Bxg4 Nxg4 27.hxg4 Rh7 28.Kg2 Qg6 29.Nh2 Qh6 30.Rh1 Nc1  0-1

[Event "Cannes op"]
[Site "Cannes"]
[Date "1996.??.??"]
[Round "2"]
[White "Lazovic, Gordan"]
[Black "Collas, Didier"]
[Result "0-1"]
[WhiteElo "2325"]
[BlackElo "2380"]

1.d4 Nf6 2.c4 g6 3.Nc3 Bg7 4.e4 d6 5.Nf3 O-O 6.Be2 Nbd7 7.O-O e5 8.Re1 c6
9.Bf1 exd4 10.Nxd4 Re8 11.Bf4 Ne5 12.Qd2 Nh5 13.Bh6 Bh8 14.f3 Be6 15.Nxe6 Rxe6
16.Be3 Nd7 17.Rad1 Qa5 18.Bd4 Be5 19.g3 Rae8 20.Re2 Nhf6 21.Kh1 Nc5 22.Bh3 Nh5
23.Bxe6 Nxe6 24.Be3 g5 25.Rf2 Nf6 26.Nd5 Qxa2 27.Nxf6+ Bxf6 28.Qc2 Rd8 29.f4 Qa5
30.Qd2 Qa4 31.fxg5 Be5 32.Qc2 Qa5 33.Rf5 c5 34.Rdf1 Rd7 35.Qf2 Qc7 36.h4 Re7
37.h5 Ng7 38.Rf3 Nxh5 39.g4 Ng7 40.Qh4 Ne6 41.b3 Nf8 42.Qf2 Ng6 43.Qd2 Qd7
44.Qf2 Qxg4 45.Qg2 Qxg2+ 46.Kxg2 Nh4+ 47.Kf2 Nxf3 48.Kxf3 a6 49.Rf2 Kg7 50.Bf4 Kg6
51.Rh2 Kg7 52.Rd2 Bxf4 53.Kxf4 Re6 54.Kf5 h6 55.gxh6+ Rxh6 56.Rd3 Kf8 57.Kg5 Rg6+
58.Kf5 Ke7 59.e5 Re6 60.exd6+ Rxd6 61.Rh3 b5 62.Ke5 f6+ 63.Kf5 Kd7 64.Rh8 Kc6
65.Ke4 Kb6 66.Rc8 bxc4 67.bxc4 Rd4+ 68.Ke3 f5 69.Rb8+ Ka5 70.Rb1 f4+ 71.Ke2 Rxc4
72.Kd3 Rb4 73.Ra1+ Kb5 74.Kc3 a5 75.Rh1 a4 76.Rh8 Rb3+ 77.Kc2 Rf3 78.Ra8 a3
79.Ra7 Kb4 80.Kb1 Rf2 81.Ka1 f3 82.Rf7 c4 83.Rf8 Kb3 84.Rb8+ Kc2 85.Rf8 c3
86.Rf7 Kd1  0-1

[Event "Cannes op"]
[Site "Cannes"]
[Date "1996.??.??"]
[Round "2"]
[White "Brumen, Dinko"]
[Black "Mauro, Alan"]
[Result "1-0"]
[WhiteElo "2335"]
[BlackElo "2315"]

1.c4 Nf6 2.Nc3 g6 3.d4 Bg7 4.e4 d6 5.Nf3 O-O 6.Be2 e5 7.dxe5 dxe5 8.Qxd8 Rxd8
9.Bg5 Re8 10.Nd5 Nxd5 11.cxd5 c6 12.Bc4 cxd5 13.Bxd5 Nc6 14.O-O-O Nb4 15.Bb3 Be6
16.Bxe6 Rxe6 17.Kb1 Na6 18.Be3 f5 19.Rd5 b6 20.Rhd1 h6 21.b3 Nc7 22.Rd7 Nb5
23.Kb2 fxe4 24.Nd2 Rc6 25.Nxe4 Nd4 26.Rc1 Rxc1 27.Bxc1 a5 28.Kb1 a4 29.b4 Rc8
30.Bb2 Rc4 31.a3 Ne2 32.f3 g5 33.Nd6 Rf4 34.Rxg7+ Kxg7 35.Bxe5+ Kf8 36.Bxf4 Nxf4
37.g3 Nd5 38.Nf5 h5 39.Kc2 Kf7 40.Kd3 Kf6 41.Ne3 Nc7 42.Ke4 Ke6 43.f4 gxf4
44.gxf4 Nb5 45.f5+ Kd7 46.Nc4 Nc3+ 47.Ke5 b5 48.Nb6+ Ke8 49.Nd5 Nb1 50.Nc7+  1-0

[Event "Cannes mT"]
[Site "Cannes"]
[Date "1996.??.??"]
[Round "4"]
[White "Ivkov, Borislav"]
[Black "Relange, Eloi"]
[Result "1/2-1/2"]
[WhiteElo "2455"]
[BlackElo "2460"]

1.Nf3 Nf6 2.c4 g6 3.Nc3 Bg7 4.e4 d6 5.d4 O-O 6.Be2 e5 7.d5 a5 8.Bg5 h6 9.Bh4 Na6
10.Nd2 Qe8 11.b3 Nh7 12.a3 Bd7 13.Rb1 h5 14.f3 Bh6 15.b4 axb4 16.axb4 f5
17.Qc2  1/2-1/2

[Event "Cannes op"]
[Site "Cannes"]
[Date "1996.??.??"]
[Round "4"]
[White "Touzane, Olivier"]
[Black "Fercec, Nenad"]
[Result "1/2-1/2"]
[WhiteElo "2500"]
[BlackElo "2405"]

1.d4 Nf6 2.c4 g6 3.Nc3 Bg7 4.e4 d6 5.Nf3 O-O 6.Be2 Na6 7.O-O e5 8.Re1 Qe8
9.Bf1 Bg4 10.d5 Nb4 11.Be2 a5 12.a3 Na6 13.Be3 h6 14.Rb1 Bd7 15.Nd2 Nh7 16.b4 axb4
17.axb4 f5 18.f3 b6 19.Qb3 f4 20.Bf2 g5 21.Ra1 Qg6 22.c5 Bc8 23.Qd1 b5 24.cxd6 cxd6
25.Bxb5 g4 26.Be2 g3 27.hxg3 fxg3 28.Be3 Rf4 29.Bxa6 Rxa6 30.Rxa6 Bxa6 31.b5 Bc8
32.Bxf4 exf4 33.Ne2 Bd7 34.Qb3 Qh5 35.Nf1 Ng5 36.Rd1 Be5 37.b6 Nxe4 38.fxe4 Qxe2
39.Qf3 Qb2 40.Nd2 Qxb6+ 41.Kh1  1/2-1/2

[Event "Cannes op"]
[Site "Cannes"]
[Date "1996.??.??"]
[Round "5"]
[White "Cebalo, Miso"]
[Black "Fercec, Nenad"]
[Result "1/2-1/2"]
[WhiteElo "2495"]
[BlackElo "2405"]

1.Nf3 Nf6 2.c4 g6 3.Nc3 Bg7 4.e4 d6 5.d4 O-O 6.Be2 Na6 7.O-O e5 8.Be3 Qe8
9.dxe5 dxe5 10.h3 Nh5 11.c5 Nf4 12.Bxa6 bxa6 13.Re1 Be6 14.Qc2 Rd8 15.Bxf4 exf4
16.Nd5 Bxd5 17.exd5 Qb5 18.Rad1 Qxb2 19.Qxb2 Bxb2 20.Re7 c6 21.d6 Ba3 22.Rc7 Bxc5
23.Rxc6 Bb6 24.Ne5 Rfe8 25.Nc4 Re6 26.a4 a5 27.Nxb6 axb6 28.Rd4 Kg7 29.Rxb6 Rd7
30.h4 h6 31.Kh2 h5 32.f3 f5 33.Ra6 Re5 34.Rxf4 Rd5 35.Rc4 R7xd6 36.Rxd6 Rxd6
37.Kg3 Rd5 38.Kf4 Kh6 39.Ke3 Re5+ 40.Kf4 Re2 41.Rc5 Rxg2 42.Rxa5 Rh2 43.Kg3 Rh1
44.Ra8 f4+  1/2-1/2

[Event "Cannes Martinez op"]
[Site "Cannes"]
[Date "1996.??.??"]
[Round "6"]
[White "Mallet, Lionel"]
[Black "Szylar, Eric"]
[Result "1-0"]
[WhiteElo "2065"]
[BlackElo "2160"]

1.d4 Nf6 2.Nf3 g6 3.c4 Bg7 4.Nc3 O-O 5.e4 d6 6.Be2 e5 7.Be3 exd4 8.Nxd4 Re8
9.f3 c6 10.Nc2 Qe7 11.Qd2 Nbd7 12.Rd1 Bf8 13.O-O Ne5 14.Rfe1 b6 15.Bf1 Bb7
16.Bg5 Rad8 17.Qf4 Bg7 18.Qh4 Ned7 19.Ne3 Qe5 20.Bf4 Qa5 21.Bxd6 b5 22.a3 a6
23.Kh1 Ne5 24.f4 Nxc4 25.Bxc4 bxc4 26.e5 Rxd6 27.Rxd6 Nd5 28.Nxc4 Qc5 29.Rd8 Rxd8
30.Qxd8+ Bf8 31.Nxd5 cxd5 32.Nd6 Bc6 33.Qf6 Bxd6 34.Qxd6 Qc2 35.Qd8+ Kg7
36.Qf6+ Kg8 37.e6 fxe6 38.Qxe6+ Kf8 39.Qe7+ Kg8 40.Qd8+ Kg7 41.Re7+ Kh6 42.Qf8+ Kh5
43.Re5+  1-0

[Event "Cannes Martinez op"]
[Site "Cannes"]
[Date "1996.??.??"]
[Round "6"]
[White "Bernard, Christophe"]
[Black "Nataf, Igor Alexandre"]
[Result "1-0"]
[WhiteElo "2370"]
[BlackElo "2305"]

1.d4 Nf6 2.Nf3 g6 3.c4 Bg7 4.Nc3 O-O 5.e4 d6 6.Be2 e5 7.O-O Qe8 8.dxe5 dxe5
9.b3 Qe7 10.Bg5 c6 11.Qc1 Re8 12.h3 Nbd7 13.Re1 Qf8 14.Bf1 h6 15.Be3 Nh5
16.Rb1 f5 17.b4 f4 18.Bd2 Bf6 19.Na4 g5 20.c5 Qg7 21.Nb2 Nf8 22.Nc4 g4 23.hxg4 Bxg4
24.Nh2 Ne6 25.Nd6 Nd4 26.Nxe8 Rxe8 27.Qc4+ Kh8 28.Bc3 Be6 29.Qd3 f3 30.Bxd4 fxg2
31.Be2 Nf4 32.Qg3 Qd7 33.Qxf4 exf4 34.Bxf6+ Kh7 35.Rbd1 Qf7 36.e5 Bf5 37.Rd4 Qxa2
38.Nf3 Rg8 39.Rxf4 Bc2 40.Nd4 Bg6 41.Nf3 Re8 42.Rh4 h5 43.Rd4 Bf5 44.Ng5+ Kh6
45.Ne4 Rg8 46.Bc4 Qb2 47.Rd2 Qxb4 48.Bxg8 Bxe4 49.Rde2 Bf3 50.Re3 Qg4 51.Be6 Qxe6
52.Rxf3 a5 53.Bd8 Kh7 54.Bxa5 h4 55.Re4 Qh6 56.Rff4 Kg8 57.Rxh4 Qc1+ 58.Kxg2 Qxc5
59.e6  1-0

[Event "Cannes Martinez op"]
[Site "Cannes"]
[Date "1996.??.??"]
[Round "7"]
[White "Cebalo, Miso"]
[Black "Nedev, Trajce"]
[Result "1/2-1/2"]
[WhiteElo "2515"]
[BlackElo "2415"]

1.Nf3 Nf6 2.c4 g6 3.Nc3 Bg7 4.e4 d6 5.d4 O-O 6.Be2 e5 7.O-O exd4 8.Nxd4 Re8
9.f3 Nc6 10.Be3 Nh5 11.Nd5 Nxd4 12.Bxd4 c6 13.Nc3 Bh6 14.Re1 a6 15.a4 Nf4
16.Bf1 Ne6 17.Bf2 a5 18.Qc2 Qc7 19.Rad1 Bg7 20.Nd5 cxd5 21.exd5 Be5 22.dxe6 Bxe6
23.Qd2 Red8 24.f4 Bf6 25.Rc1 Qc6 26.b3 d5 27.c5 d4 28.Bb5 Qc7 29.f5 Bxb3
30.Bg3 Qc8 31.fxg6 hxg6 32.c6 bxc6 33.Bxc6 Qg4 34.Bxa8 Rxa8 35.Rc5 Bxa4 36.Rxa5 Rxa5
37.Qxa5 d3 38.Rf1 Bd4+ 39.Kh1 Bc6 40.Qc7 Qd7 41.Qxd7 Bxd7 42.Bf4 Bc3 43.Rc1 Bd4
44.Rc4 Bg7 45.Kg1 Be6 46.Ra4 Kh7 47.Kf2 Bh6 48.Bxh6 Kxh6 49.Ke3 Bf5 50.Kf4 Kg7
51.Ra6 Bc8 52.Rd6 Bb7 53.g4 Bc8 54.Rxd3 Be6 55.Rd6 Bc4 56.Ke5 Bb3 57.g5 Bc4
58.Kd4 Be2 59.Rf6 Bd1 60.Rb6 Be2 61.Rb4 Bg4 62.Rb6 Be2 63.Kd5 Bf3+ 64.Kd6 Be4
65.Rb5 Bd3 66.Rc5 Bb1 67.Ra5 Bd3 68.h4 Bc4 69.Re5 Bb3 70.Kc5 Bc2 71.Re3 Bf5
72.Kd5 Bc2 73.Kd6 Bb1 74.Ra3 Bf5 75.Ke5 Be6 76.Kd4 Bf5 77.Ra6 Bc2 78.Rb6 Bf5
79.Rf6 Bc2 80.Rf3 Bd1 81.Re3 Bc2 82.Kd5 Bb1 83.Re2 Bf5 84.Kd6 Bd3 85.Re5 Bc4
86.Kc5 Bd3 87.Kd4 Bc2 88.Rb5 Ba4 89.Rb6 Bc2 90.Ke5 Bd3 91.Rb4 Bf1 92.Kd6 Bh3
93.Re4 Bf5 94.Re3 Bb1 95.Ra3 Bf5  1/2-1/2

[Event "Cannes op"]
[Site "Cannes"]
[Date "1996.??.??"]
[Round "8"]
[White "Georgiev, Vladimir"]
[Black "Touzane, Olivier"]
[Result "1/2-1/2"]
[WhiteElo "2435"]
[BlackElo "2500"]

1.Nf3 Nf6 2.c4 g6 3.Nc3 Bg7 4.e4 d6 5.d4 O-O 6.Be2 e5 7.d5 a5 8.h3 Na6 9.Bg5 Re8
10.Nd2 Kh8 11.h4 h6 12.Bxf6 Bxf6 13.h5 Kg7 14.Nf3 Qe7 15.Qd2 Rh8 16.g3 Bd7
17.O-O-O Nc5 18.Kb1 Bg5  1/2-1/2

[Event "Cannes op"]
[Site "Cannes"]
[Date "1996.??.??"]
[Round "8"]
[White "Lazovic, Gordan"]
[Black "Riou, Ivan"]
[Result "1-0"]
[WhiteElo "2325"]
[BlackElo "2295"]

1.d4 Nf6 2.c4 g6 3.Nc3 Bg7 4.e4 O-O 5.Nf3 d6 6.Be2 e5 7.dxe5 dxe5 8.Qxd8 Rxd8
9.Bg5 Re8 10.Nd5 Nxd5 11.cxd5 c6 12.Bc4 cxd5 13.Bxd5 Nd7 14.Rc1 Nb6 15.Bb3 Be6
16.Bxe6 Rxe6 17.Rc7 Rb8 18.Ke2 Ree8 19.Be3 Bf8 20.Rd1 f6 21.Bxb6 axb6 22.Rdd7 Rbc8
23.Rxh7 Rxc7 24.Rxc7 Re7 25.Rxe7 Bxe7 26.Nd2 Kf7 27.Kd3 b5 28.Nb1 Bc5 29.f3 b4
30.Kc4 b6 31.Nd2 Bd4 32.Kxb4 Bxb2 33.Nb3 f5 34.Kb5 Kf6 35.Kxb6 fxe4 36.fxe4 Kg5
37.a4 Kf4 38.Nc5 Bc3 39.a5 Bxa5+ 40.Kxa5 Ke3 41.Kb5 g5 42.Kc4 Kf2 43.Kd5 Kxg2
44.Kxe5  1-0

[Event "Cannes op"]
[Site "Cannes"]
[Date "1996.??.??"]
[Round "8"]
[White "Claverie, Christophe"]
[Black "Collas, Didier"]
[Result "1/2-1/2"]
[WhiteElo "2325"]
[BlackElo "2380"]

1.Nf3 Nf6 2.c4 g6 3.Nc3 Bg7 4.e4 O-O 5.d4 d6 6.Be2 Nbd7 7.O-O e5 8.d5 Nc5
9.Qc2 a5 10.Ne1 b6 11.Be3 Ng4 12.Bxg4 Bxg4 13.f3 Bd7 14.Nd3 f5 15.Nxc5 bxc5
16.a4 h5 17.Rfd1 Rf7 18.Nb5 Kh7 19.b3 Bh6 20.Bxh6 Kxh6 21.Qd2+ f4 22.h3 g5
23.Kf2 Kg7 24.Rh1 Kf6 25.Rag1 h4 26.Rc1 Qb8 27.Ke1 Qb6 28.Qf2 Rg7 29.Kd2 Ke7
30.Kc3 Rh8 31.Rh2 Kd8 32.Kb2 Kc8 33.Ka3 Kb7 34.Ka2 Qa6 35.Ka3 Kb6 36.Rb1 Kb7  1/2-1/2

[Event "Cappelle op"]
[Site "Cappelle la Grande "]
[Date "1996.??.??"]
[Round "5"]
[White "Ulibin, Mikhail"]
[Black "Kazhgaleyev, Murtas"]
[Result "1/2-1/2"]
[WhiteElo "2535"]
[BlackElo "2490"]

1.d4 Nf6 2.c4 d6 3.Nc3 g6 4.e4 Bg7 5.Nf3 O-O 6.Be2 Na6 7.O-O e5 8.Be3 Ng4
9.Bg5 Qe8 10.dxe5 dxe5 11.Nd2 h6 12.Bh4 Nf6 13.Nd5 g5 14.Bg3 c6 15.Nxf6+ Bxf6
16.Bg4 Kg7 17.Bxc8 Qxc8 18.Qe2 Nb4 19.Rfc1 Qd7 20.Rc3 c5 21.Nf1 Nc6 22.Ne3 Nd4
23.Qh5 Rh8 24.Re1 Rae8 25.Nd5 Bd8 26.a3 a5 27.Qd1 Re6 28.a4 Rhe8 29.f3 Bc7
30.Rd3 Kh7 31.Rf1 Rg6 32.Be1 Ree6 33.Bc3 Re8 34.Rf2 Kg7 35.Ne3 Qe6 36.Qb1 Kf8
37.Rd1 Rd8 38.b3 Rd7 39.Rfd2 Ke8 40.Rf1 b6 41.Nf5 g4  1/2-1/2

[Event "Cappelle op"]
[Site "Cappelle la Grande "]
[Date "1996.??.??"]
[Round "6"]
[White "Notkin, Maksim"]
[Black "Blehm, Pawel"]
[Result "0-1"]
[WhiteElo "2515"]
[BlackElo "2435"]

1.d4 Nf6 2.c4 g6 3.Nc3 Bg7 4.e4 d6 5.Nf3 O-O 6.Be2 e5 7.O-O Qe8 8.dxe5 dxe5
9.Be3 b6 10.Qc2 Na6 11.Rad1 Bb7 12.Qb1 c6 13.b4 Nc7 14.h3 Nd7 15.a4 Ne6 16.c5 bxc5
17.bxc5 Ndxc5 18.Qb4 Qe7 19.Bc4 a5 20.Qb6 Rfb8 21.Rb1 Nd7 22.Qb2 Nd4 23.Qa2 Nxf3+
24.gxf3 Nf8 25.Rb6 Nd7 26.Rb2 Bc8 27.Rfb1 Rxb2 28.Qxb2 Nf8 29.Qb6 Qf6 30.Kg2 Be6
31.Be2 Qh4 32.Rh1 Bh6 33.Qc7 Bf4 34.Bxf4 Qxf4 35.Qb6 c5 36.Nd5 Bxd5 37.exd5 Qd2
38.Bc4 Qg5+  0-1

[Event "Cappelle op"]
[Site "Cappelle la Grande "]
[Date "1996.??.??"]
[Round "7"]
[White "Naumkin, Igor"]
[Black "Royer, Sylvain"]
[Result "1-0"]
[WhiteElo "2480"]
[BlackElo "2175"]

1.d4 Nf6 2.c4 g6 3.Nc3 Bg7 4.e4 d6 5.Nf3 O-O 6.Be2 e5 7.d5 a5 8.Bg5 h6 9.Bh4 Na6
10.Nd2 Qe8 11.O-O Bd7 12.b3 h5 13.f3 Nh7 14.a3 Bf6 15.Bxf6 Nxf6 16.Rb1 Kg7
17.b4 axb4 18.axb4 Qe7 19.Rf2 h4 20.Bf1 Nh5 21.Qe1 Qg5 22.Nd1 Rh8 23.Ne3 Nf4
24.Kh1 Rh5 25.Nb3 Rah8 26.b5 Qg3 27.bxa6 h3 28.gxh3 Bxh3 29.Bxh3 Qxh3 30.Qd2 Qg3
31.Rbf1 bxa6 32.c5 Nd3 33.Rg2 Qf4 34.cxd6 cxd6 35.Nf5+  1-0